000 01006nam0a22002891 4500
001 rc\2261075
005 20260406235118.0
035 _a(NLR Aleph) 006714891
090 _a5381877
_c5381877
100 _a20110829d1978 |||y0rusy50 ca
101 0 _arus
102 _aRU
105 _aa z |||||
200 1 _a51-я гвардейская многонациональная
210 _aБаку
_cАзернешр
_d1978
215 _a293 с., 9 л. ил.
_d21
606 _aПехота в Великой Отечественной войне 1941-1945 гг.
_2psbo
700 1 _aМуталлимов
_bХ.А. оглы
_gХалил Аллахверди оглы
712 0 2 _aГвардейская стрелковая дивизия
_c51
_3RU\NLR\AUTH\889988872
_9473305
801 0 _aRU
_bNLR
_gpsbo
801 1 _aRU
_bELAR
_2rusmarc
852 _aNLR
_j78-3/5944
899 _aRuMoRGB
_jВО 682/227
899 _aRuMoRGB
_jБ 78-22/594
899 _aRuMoRGB
_jБ 78-22/595
942 _cBOOK
980 _aNB